| 000 | 00699mam a2200193 4500 | ||
|---|---|---|---|
| 082 |
_a355.00942 _bMAP _cD |
||
| 100 | 1 |
_aFortescue, J. W. _949223 |
|
| 245 | 1 | 0 | _aMaps and plans illustrating Fortescue's History of the British army, vol IV, VII, VIII, IX-X, XII, XIII. |
| 260 |
_aLondon, _bMacmillan, _c1912-1930. |
||
| 300 |
_a7 v. in 6. _bfold plans, fold maps. _c23 cm. |
||
| 500 | _aVolume VII published in 1912. | ||
| 526 |
_a0 _b0 _c0 _d355_009420000000000_MAP |
||
| 526 |
_a0 _b0 _c0 _d355_009420000000000_MAP |
||
| 526 |
_a0 _b0 _c0 _d355_009420000000000_MAP |
||
| 526 |
_a0 _b0 _c0 _d355_009420000000000_MAP |
||
| 526 |
_a0 _b0 _c0 _d355_009420000000000_MAP |
||
| 650 |
_aMCE _9379 |
||
| 942 |
_2ddc _cBK |
||
| 999 |
_c552246 _d552246 |
||